Introducción a la orientación escolar
Saved in:
| Hovedforfatter: | |
|---|---|
| Format: | Bog |
| Sprog: | spansk |
| Udgivet: |
Buenos Aires
Kapelusz
1976
|
| Serier: | Colección de pedagogía práctica
|
| Fag: | |
| Tags: |
Tilføj Tag
Ingen Tags, Vær først til at tagge denne postø!
|
MARC
| LEADER | 00000nam a2200000 a 4500 | ||
|---|---|---|---|
| 001 | UCY8143 | ||
| 003 | CL-VaPUC | ||
| 008 | 950623e19761000AG |||||||||||||||||spa|d | ||
| 082 | 0 | 4 | |a 371.42 |b NER |2 21 |
| 100 | |a Nérici, Imídeo Giuseppe |e autor |9 351413 | ||
| 245 | 1 | 0 | |a Introducción a la orientación escolar |
| 300 | |a 219 p | ||
| 942 | |c BK | ||
| 945 | |d 19950623 00:00:00 |a cmena | ||
| 260 | |a Buenos Aires |b Kapelusz |c 1976 | ||
| 650 | 0 | |a Orientación profesional |9 308504 | |
| 650 | 0 | |a Psicología educacional |9 307830 | |
| 650 | 7 | |a PERSONAL DE ORIENTACION EDUCACIONAL |2 CL-VaPUC |9 339322 | |
| 650 | 0 | |a Docentes |9 311365 | |
| 650 | 0 | |a Rol del docente |9 329733 | |
| 650 | 7 | |a RELACION DOCENTE ALUMNO |2 CL-VaPUC |9 307734 | |
| 650 | 0 | |a Relaciones interpersonales |9 307056 | |
| 650 | 0 | |a Vocación |9 328817 | |
| 650 | 0 | |a Niños |9 255605 | |
| 650 | 0 | |a Adolescentes |9 308058 | |
| 650 | 7 | |a ORIENTACION EDUCACIONAL |2 CL-VaPUC |9 312512 | |
| 583 | |a last modification |c 19950623 00:00:00 |k Rodrigo Vera | ||
| 490 | 0 | |a Colección de pedagogía práctica | |
| 999 | |c 235421 |d 235419 | ||
| 952 | |0 0 |1 0 |4 0 |6 371_420000000000000_NER_1976 |7 0 |8 P |9 242823 |a BIBEDU |b BIBEDU |c BIBEDU_PB |d 2019-11-18 |i 1524100 |o 371.42 NER 1976 |p 1524100 |r 2024-01-25 |w 2019-11-18 |y BK |k EDU | ||